all doja cat songs - Statistics

General Stats
  • This quiz has been taken 12 times
  • The average score is 23 of 116
Answer Stats
purr! % Correct
paint the town red
83%
juicy
75%
say so
75%
say so / like that mashup
75%
streets
67%
woman
67%
cyber sex
58%
demons
50%
mooo!
50%
rules
50%
aint shit
42%
attention
42%
cookie jar
42%
naked
42%
so high
42%
wet vagina
42%
34+35
33%
agora hills
33%
been like this
33%
boss bitch
33%
candy
33%
freak
33%
get into it (yuh)
33%
motive
33%
alone
25%
balut
25%
best friend
25%
body language
25%
can't wait
25%
casual
25%
game
25%
go to town
25%
gun
25%
headhigh
25%
ride
25%
talk dirty
25%
vegas
25%
wym freestyle
25%
4 morant
17%
97
17%
addiction
17%
baby, i'm jealous
17%
bottom bitch
17%
disrespectful
17%
freaky deaky
17%
fuck the girls (ftg)
17%
go off
17%
handstand
17%
in your eyes
17%
kill bill
17%
love life
17%
morning light
17%
need to know
17%
nunchucks
17%
often
17%
ouchies
17%
piss
17%
shutcho
17%
skull and bones
17%
you right
17%
acknowledge me
8%
acknowledge me (ft the joy)
8%
all nighter
8%
beautiful
8%
better than me
8%
boom boom
8%
born again
8%
celebrity skin
8%
control
8%
crack
8%
del mar
8%
dick
8%
disrespectful (ft the joy)
8%
do it
8%
down low
8%
equally lost
8%
fancy
8%
i dont do drugs (ft ariana grande)
8%
i like you (a happier song)
8%
imagine
8%
juicy (ft tyga)
8%
just us
8%
kiss me more (ft sza)
8%
like that (ft gucci mane)
8%
lose my mind
8%
love to dream
8%
make that cake
8%
masc (ft teezo touchdown)
8%
nhie
8%
no police
8%
okloser
8%
options (ft jid)
8%
payday (ft young thug)
8%
pussy talk
8%
right side
8%
roll with us
8%
say so (ft nicki minaj)
8%
say so (ft nicki minaj) - original version
8%
scoop
8%
shimmy
8%
shine
8%
shutcho (ft the joy)
8%
streets - silhouette remix
8%
tia tamera (ft rico nasty)
8%
to be young
8%
tonight (ft eve)
8%
up and down
8%
urrrge!!!!!!!!!!!!!! (ft a$ap rocky)
8%
why why (ft gunna)
8%
wild beach
8%
wine pon you (ft konshens)
8%
wont bite (ft smino)
8%
you right - extended
8%
icy hot
0%
jeezu
0%
kiss me more (ft naomi wantanabe)
0%
No matching quizzes found
Score Distribution
Percent of People with Each Score
Percentile by Number Answered
Your Score History
You have not taken this quiz